000 00223nam a2200097Ia 4500
008 190216s9999||||xx |||||||||||||| ||und||
100 _aM C Shukla
245 0 _aCost Accounts
260 _bMac Millian And Com. Ltd
942 _cBK
999 _c3894
_d3894